[Event "Medimurska CupT"]
[Site "Croatia"]
[Date "2019.02.10"]
[Round "1.1"]
[White "Jancikic, Franjo"]
[Black "Horvat, Nino"]
[Result "1-0"]
[WhiteElo "1829"]
[BlackElo "1591"]
[PlyCount "82"]
[EventDate "2019.02.10"]
[EventType "team-swiss"]
[EventRounds "6"]
[EventCountry "CRO"]
[SourceTitle "EXT 2020"]
[Source "ChessBase"]
[SourceDate "2019.10.17"]
[SourceVersion "1"]
[SourceVersionDate "2019.10.17"]
[SourceQuality "1"]

1. c4 e5 2. g3 Nf6 3. Bg2 g6 4. Nf3 d6 5. Nc3 Bg7 6. 0-0 0-0 7. d4 e4 8. Ng5 Bf5 9. Ngxe4 Re8 10. Nxf6+ Bxf6 11. Bxb7 Nd7 12. Bxa8 Qxa8 13. Nd5 Bh3 14. Re1 Qb7 15. f3 Bd8 16. Nf4 Bf5 17. e4 Qb4 18. Nd3 Qxc4 19. exf5 Qxd4+ 20. Nf2 Rxe1+ 21. Qxe1 Ne5 22. Qe3 Qd5 23. Kg2 g5 24. Qe4 Qb5 25. b3 Bf6 26. Bb2 d5 27. Qc2 c5 28. Bxe5 Bxe5 29. Re1 f6 30. Ng4 Bd4 31. Qe2 Qxe2+ 32. Rxe2 h5 33. Nf2 a5 34. Rc2 h4 35. Nd3 Kg7 36. Nxc5 Kh6 37. a4 Be5 38. Nb7 g4 39. f4 h3+ 40. Kf1 Bxf4 41. gxf4 Kh5 1-0

[Event "Nedelisce Medjimurja op"]
[Site "Nedelisce"]
[Date "2018.06.24"]
[Round "4"]
[White "Kerman, Josip"]
[Black "Horvat, Nino"]
[Result "1-0"]
[WhiteElo "1612"]
[BlackElo "1591"]
[PlyCount "117"]
[EventDate "2018.06.22"]
[EventType "swiss"]
[EventRounds "7"]
[EventCountry "CRO"]
[SourceTitle "EXT 2019"]
[Source "ChessBase"]
[SourceDate "2018.10.10"]
[SourceVersion "1"]
[SourceVersionDate "2018.10.10"]
[SourceQuality "1"]

1. d4 d5 2. c4 Nf6 3. Nc3 Bf5 4. e3 h6 5. Qb3 e6 6. Qxb7 Nbd7 7. cxd5 Bd6 8. Bb5 0-0 9. e4 Nxe4 10. Bxd7 Qxd7 11. Nf3 Nxc3 12. bxc3 Be4 13. Qa6 exd5 14. Be3 Rfe8 15. 0-0 Bxf3 16. gxf3 Qh3 17. f4 g5 18. Rfe1 gxf4 19. Qf1 Qxf1+ 20. Kxf1 fxe3 21. fxe3 Bxh2 22. Re2 Bd6 23. Kf2 c5 24. Rh1 cxd4 25. cxd4 Re6 26. Rh5 Rf6+ 27. Ke1 Bb4+ 28. Kd1 Rc8 29. Rh1 Rf3 30. a4 Rc3 31. Rg2+ Kf8 32. Re2 Rfxe3 33. Rxe3 Rxe3 34. Rxh6 Rd3+ 35. Kc2 Rxd4 36. Ra6 Rc4+ 37. Kd3 Bc5 38. Rc6 a5 39. Rc7 Kg7 40. Rd7 Rd4+ 41. Kc3 Kg6 42. Rc7 Rxa4 43. Kb3 Rb4+ 44. Kc3 Rb5 45. Rd7 Bb6 46. Rd6+ f6 47. Rd7 a4 48. Re7 d4+ 49. Kc4 Kg5 50. Rg7+ Kf5 51. Kxb5 Bd8 52. Rd7 Ke4 53. Rxd8 f5 54. Kc4 f4 55. Re8+ Kf3 56. Kxd4 a3 57. Ra8 Ke2 58. Rxa3 f3 59. Ra2+ 1-0